[Event "Corr"]
[Site "?"]
[Date "1996.??.??"]
[Round "?"]
[White "Chaney Ronald L"]
[Black "Kresz Laszlo"]
[Result "0-1"]
[WhiteElo "1795"]
[BlackElo "2225"]
[PlyCount "106"]
[EventDate "1996.??.??"]
[Source "www.chesslib.no"]
[SourceDate "2004.05.04"]

1. f4 d5 2. Nf3 Nf6 3. e3 c5 4. Be2 Nc6 5. O-O e6 6. d3 Bd6 7. Qe1 O-O 8. Nc3 e5 9. fxe5 Nxe5 10. e4 d4 11. Nb5 Nxf3+ 12. Bxf3 Be5 13. Na3 Ng4 14. Nc4 Bxh2+ 15. Kh1 Bc7 16. g3 Ne5 17. Nxe5 Bxe5 18. Kg2 Qd6 19. Rh1 Re8 20. g4 Bf4 21. Rh5 Bxc1 22. Rxc1 Re5 23. Qg3 f6 24. Rch1 h6 25. Rxe5 Qxe5 26. Qxe5 fxe5 27. Rh5 Bd7 28. Rxe5 Rc8 29. b3 Kf7 30. Rh5 b5 31. Kg3 b4 32. Kf4 g5+ 33. Ke5 Kg7 34. Kd6 Be8 35. Rh2 Rc6+ 36. Kd5 Rc8 37. e5 Bc6+ 38. Kxc5 Bxf3+ 39. Kxd4 Bxg4 40. Kd5 Bd1 41. Rh1 Bxc2 42. d4 g4 43. e6 g3 44. e7 Bg6 45. Ke6 Rc6+ 46. Kd7 g2 47. Rg1 Rc2 48. d5 h5 49. d6 h4 50. Kd8 h3 51. d7 Rd2 52. Kc8 Rxd7 53. Kxd7 Kh7 0-1

[Event "Malaga-ch"]
[Site "?"]
[Date "1998.??.??"]
[Round "5"]
[White "Paul Tomillo Jesus M"]
[Black "Rosado Montanez Juan Alfonso"]
[Result "1/2-1/2"]
[WhiteElo "2005"]
[BlackElo "2000"]
[PlyCount "72"]
[EventDate "1998.??.??"]
[Source "www.chesslib.no"]
[SourceDate "2004.05.04"]

1. f4 d5 2. Nf3 Nf6 3. e3 c5 4. b3 g6 5. Bb2 Bg7 6. Bb5+ Nbd7 7. O-O O-O 8. Bd3 b6 9. Nc3 Bb7 10. Ne2 Rc8 11. c4 e6 12. Rc1 dxc4 13. Bxc4 Qe7 14. Qe1 Rfd8 15. Qh4 Nf8 16. d3 a6 17. a4 Nd5 18. Qxe7 Nxe7 19. Bxg7 Kxg7 20. e4 Nc6 21. f5 exf5 22. exf5 Na5 23. fxg6 Nxc4 24. dxc4 hxg6 25. Rcd1 Bxf3 26. Rxd8 Rxd8 27. Rxf3 Rd2 28. Nc3 Ne6 29. Nd5 Nd4 30. Re3 b5 31. cxb5 axb5 32. Nc3 bxa4 33. bxa4 Rc2 34. Kf1 Rc1+ 35. Kf2 Rc2+ 36. Kf1 Rc1+ 1/2-1/2

[Event "Detroit, Mich."]
[Site "?"]
[Date "1989.12.16"]
[Round "2"]
[White "Moody David"]
[Black "Calton Bill"]
[Result "1-0"]
[WhiteElo "2050"]
[BlackElo "1924"]
[PlyCount "45"]
[EventDate "1989.??.??"]
[Source "www.chesslib.no"]
[SourceDate "2004.05.04"]

1. f4 d5 2. Nf3 Nf6 3. e3 c5 4. b3 Nc6 5. Bb5 Bd7 6. Bxc6 Bxc6 7. Bb2 b6 8. Ne5 Bb7 9. O-O g6 10. Qe2 a6 11. d3 Bg7 12. Nd2 O-O 13. Ndf3 Qc7 14. Qf2 Rac8 15. Qh4 b5 16. f5 gxf5 17. Ng5 e6 18. Ng4 fxg4 19. Bxf6 h6 20. Bxg7 Kxg7 21. Qxg4 f5 22. Nxe6+ Kh7 23. Rxf5 1-0

[Event "Mittelfranken-ch Nord HT"]
[Site "?"]
[Date "1996.??.??"]
[Round "1"]
[White "Feldmann Gerhard"]
[Black "Exizoglou Dimitri"]
[Result "0-1"]
[WhiteElo "1885"]
[BlackElo "2075"]
[PlyCount "88"]
[EventDate "1996.??.??"]
[Source "www.chesslib.no"]
[SourceDate "2004.05.04"]

1. f4 d5 2. Nf3 Nf6 3. e3 c5 4. d4 e6 5. Be2 Nc6 6. O-O Bd6 7. c3 O-O 8. Ne5 Ne4 9. Nd2 Nxd2 10. Bxd2 f6 11. Nf3 Qb6 12. Qb3 c4 13. Qc2 Qc7 14. b3 b5 15. b4 Bd7 16. g3 e5 17. fxe5 fxe5 18. e4 exd4 19. cxd4 Bxb4 20. exd5 Bxd2 21. Qxd2 Ne7 22. Qg5 Qd6 23. Ne5 h6 24. Qd2 Bf5 25. a4 a6 26. axb5 axb5 27. Rxa8 Rxa8 28. g4 Be4 29. g5 Nxd5 30. Bh5 hxg5 31. Bf7+ Kh7 32. Qxg5 Qh6 33. Qg3 Ra2 34. Ng4 Nc3 35. Nxh6 Ne2+ 36. Kf2 Nxg3+ 37. Kxg3 Kxh6 38. Rf4 Bd3 39. Rg4 Ra3 40. Kf4 g6 41. h4 c3 42. Ke3 c2 43. Kd2 Bf5 44. Rg1 b4 0-1

[Event "Bahn 4 Laender 16th"]
[Site "?"]
[Date "1999.06.05"]
[Round "2.4"]
[White "Just Wolfgang"]
[Black "Moed Egbert"]
[Result "1-0"]
[WhiteElo "2155"]
[BlackElo "1797"]
[PlyCount "70"]
[EventDate "1999.??.??"]
[Source "www.chesslib.no"]
[SourceDate "2004.05.04"]

1. f4 d5 2. Nf3 Nf6 3. e3 c5 4. b3 e6 5. Bb2 Be7 6. Ne5 O-O 7. Bd3 Bd7 8. O-O a6 9. g4 Bc6 10. g5 Ne4 11. Qh5 g6 12. Qh6 Bxg5 13. fxg5 Qxg5+ 14. Qxg5 Nxg5 15. h4 Ne4 16. Bxe4 dxe4 17. Ng4 h5 18. Nf6+ Kg7 19. Nc3 Kh6 20. Ncxe4 b6 21. Ng5 Ra7 22. Be5 Rd8 23. Nxf7+ Rxf7 24. Ng8+ Rxg8 25. Rxf7 g5 26. Bxb8 Rxb8 27. Rf6+ Kg7 28. hxg5 h4 29. Raf1 h3 30. Kh2 Be4 31. d3 Bf5 32. e4 Bg4 33. Kg3 e5 34. Kxg4 h2 35. Rf7+ Kg8 1-0

[Event "GER-chT U16"]
[Site "?"]
[Date "2002.12.28"]
[Round "4.1"]
[White "Albers Damian"]
[Black "Kraemer Martin"]
[Result "0-1"]
[WhiteElo "1854"]
[BlackElo "2072"]
[PlyCount "48"]
[EventDate "2002.??.??"]
[Source "www.chesslib.no"]
[SourceDate "2004.05.04"]

1. f4 d5 2. Nf3 Nf6 3. e3 c5 4. Bb5+ Bd7 5. Bxd7+ Nbxd7 6. b3 e6 7. Bb2 Be7 8. d3 b5 9. Nbd2 Rc8 10. Qe2 Qb6 11. c4 O-O 12. O-O a5 13. Ne5 bxc4 14. dxc4 a4 15. Rf3 axb3 16. Nxb3 Nxe5 17. Bxe5 Ne4 18. Nd2 f6 19. Rb1 Qa6 20. Nxe4 dxe4 21. Rh3 fxe5 22. Qh5 h6 23. Qg4 exf4 24. Rxh6 Rf6 0-1

[Event "Essen"]
[Site "?"]
[Date "2005.08.20"]
[Round "1.71"]
[White "Thonig Manfred"]
[Black "Letmathe Adolf"]
[Result "0-1"]
[WhiteElo "1836"]
[BlackElo "2075"]
[PlyCount "76"]
[EventDate "2005.??.??"]
[Source "www.chesslib.no"]
[SourceDate "2004.05.04"]

1. f4 d5 2. Nf3 Nf6 3. e3 c5 4. b3 Nc6 5. Bb5 Bd7 6. Bxc6 Bxc6 7. Ne5 Rc8 8. O-O e6 9. d3 Be7 10. Nd2 O-O 11. Ndf3 Nd7 12. Bb2 f6 13. Nxc6 Rxc6 14. Qe1 Bd6 15. Qg3 Qe7 16. Rae1 e5 17. Nh4 Qe6 18. f5 Qf7 19. e4 d4 20. Bc1 b5 21. Bh6 c4 22. Qg4 cxb3 23. cxb3 Rfc8 24. Rf3 Rc2 25. Rg3 Bf8 26. Rf1 Rxa2 27. Nf3 a5 28. h4 Kh8 29. Bg5 Qxb3 30. h5 Qf7 31. Bd2 Rcc2 32. Rf2 b4 33. h6 b3 34. hxg7+ Bxg7 35. Rh3 b2 36. Qh4 Bf8 37. Bg5 b1=Q+ 38. Kh2 Rxf2 0-1

[Event "L1.2000.0.00011"]
[Site "?"]
[Date "2000.??.??"]
[Round "?"]
[White "Pinasco Damian"]
[Black "Malmstrom Jan"]
[Result "0-1"]
[WhiteElo "1810"]
[BlackElo "2100"]
[PlyCount "90"]
[EventDate "2000.??.??"]
[Source "www.chesslib.no"]
[SourceDate "2004.05.04"]

1. f4 d5 2. Nf3 Nf6 3. e3 c5 4. b3 g6 5. Bb2 Bg7 6. Be2 Nc6 7. O-O O-O 8. a4 Qc7 9. d4 Ne4 10. Nc3 Rd8 11. Qe1 Nb4 12. Bd1 Bf5 13. Na2 Nxa2 14. Rxa2 c4 15. b4 c3 16. Ba3 Bd7 17. Be2 Bxa4 18. b5 Qd7 19. Ne5 Qe8 20. Qb1 a6 21. bxa6 bxa6 22. Qb7 e6 23. Rfa1 f6 24. Ng4 Rdb8 25. Qc7 Bb5 26. Bd3 Rc8 27. Qe7 Qxe7 28. Bxe7 Bxd3 29. cxd3 Nd2 30. Rc2 f5 31. Ne5 Bxe5 32. fxe5 Rab8 33. Bc5 Rb1+ 34. Rxb1 Nxb1 35. Kf2 Rb8 36. Ke1 Rb2 37. Kd1 Nd2 38. Ba3 Rxc2 39. Kxc2 Nf1 40. Bc1 Nxh2 41. e4 dxe4 42. dxe4 fxe4 43. Kxc3 Kf7 44. Kc4 Nf1 45. Bf4 a5 0-1

[Event "Santiago"]
[Site "?"]
[Date "2003.07.21"]
[Round "1.3"]
[White "Matamala Emiliano"]
[Black "Wolfenson Daniel"]
[Result "1-0"]
[WhiteElo "1901"]
[BlackElo "2007"]
[PlyCount "87"]
[EventDate "2003.??.??"]
[Source "www.chesslib.no"]
[SourceDate "2004.05.04"]

1. f4 d5 2. Nf3 Nf6 3. e3 c5 4. Ne5 e6 5. b3 Be7 6. Bb5+ Nbd7 7. Bxd7+ Nxd7 8. Bb2 O-O 9. O-O Bf6 10. Qg4 g6 11. d3 Nxe5 12. Bxe5 Bxe5 13. fxe5 Bd7 14. Rf6 Qa5 15. Qe2 c4 16. d4 cxb3 17. cxb3 Rac8 18. Qd2 Qa6 19. a4 Rc7 20. Na3 Rfc8 21. Raf1 Be8 22. h4 h5 23. Kh2 Qb6 24. Rb1 Rc3 25. Nb5 Bxb5 26. axb5 Qxb5 27. Qf2 R8c7 28. Rf1 Qe8 29. Qf4 Kg7 30. Rf3 Rxb3 31. Rg3 Qe7 32. Qg5 Kf8 33. Qxg6 Ke8 34. Qxh5 Qf8 35. Qh7 Ke7 36. Rg8 Rc8 37. Rxf8 Rxf8 38. Rf3 a5 39. Qc2 a4 40. Qc7+ Ke8 41. e4 Rb2 42. exd5 exd5 43. e6 fxe6 44. Qc8+ 1-0

[Event "Pologne (championnat clubs ligue 2)"]
[Site "?"]
[Date "2004.09.04"]
[Round "1.65"]
[White "Stepniak Przemyslaw"]
[Black "Kusina Jan"]
[Result "1/2-1/2"]
[WhiteElo "1800"]
[BlackElo "2106"]
[PlyCount "77"]
[EventDate "2004.??.??"]
[Source "www.chesslib.no"]
[SourceDate "2004.05.04"]

1. f4 d5 2. Nf3 Nf6 3. e3 c5 4. d4 e6 5. c3 Be7 6. Bd3 g6 7. O-O O-O 8. Nbd2 b6 9. Ne5 Bb7 10. Qf3 Nc6 11. Nxc6 Bxc6 12. g4 Qd6 13. Qg2 Nd7 14. Nf3 f6 15. g5 f5 16. Bd2 a5 17. h4 b5 18. Kf2 Kf7 19. h5 b4 20. Rh1 Rh8 21. Rh3 bxc3 22. Bxc3 c4 23. Bc2 a4 24. a3 Rag8 25. Rah1 Qb8 26. Qh2 Kg7 27. hxg6 hxg6 28. Rh7+ Rxh7 29. Qxh7+ Kf8 30. Nh4 Qe8 31. Qh6+ Kf7 32. Nf3 Qf8 33. Qh3 Bd6 34. Bd1 Be7 35. Nh4 Rh8 36. Be2 Bd6 37. Qg2 Bb5 38. Kg3 Qd8 39. Kf2 1/2-1/2

[Event "Corr"]
[Site "?"]
[Date "2001.07.08"]
[Round "?"]
[White "Hanegby Avigdor"]
[Black "Malmstroem Jan"]
[Result "1/2-1/2"]
[WhiteElo "1981"]
[BlackElo "1902"]
[PlyCount "91"]
[EventDate "2001.??.??"]
[Source "www.chesslib.no"]
[SourceDate "2004.05.04"]

1. f4 d5 2. Nf3 Nf6 3. e3 c5 4. b3 g6 5. Bb2 Bg7 6. Bb5+ Bd7 7. Bxd7+ Nbxd7 8. O-O O-O 9. Qe2 Qc7 10. d3 b5 11. Nbd2 Rfd8 12. c4 bxc4 13. bxc4 Rab8 14. Rab1 e6 15. a3 Rb7 16. Kh1 Rdb8 17. Be5 Nxe5 18. Rxb7 Rxb7 19. fxe5 Nd7 20. d4 Rb2 21. Qd3 Nb6 22. Rc1 cxd4 23. exd4 dxc4 24. Nxc4 Nd5 25. Nfd2 Rb6 26. Rf1 Rc6 27. Nd6 Rc1 28. N2c4 Rxf1+ 29. Qxf1 Nb6 30. h3 Nxc4 31. Qxc4 Qxc4 32. Nxc4 Kf8 33. Kg1 Ke7 34. Kf2 Kd7 35. Ke3 Bf8 36. Ke4 h5 37. d5 exd5+ 38. Kxd5 a6 39. g4 hxg4 40. hxg4 a5 41. a4 Bb4 42. Nb2 Ke7 43. Nd3 Bd2 44. Nc5 Bb4 45. Ne4 Kd7 46. Ng3 1/2-1/2

[Event "56sen.LSEM 2003 Hessen"]
[Site "?"]
[Date "2003.04.12"]
[Round "2"]
[White "Brauner Rudolf"]
[Black "Lehr Ernst[29Eschbach"]
[Result "1/2-1/2"]
[WhiteElo "2060"]
[BlackElo "1785"]
[PlyCount "42"]
[EventDate "2003.??.??"]
[Source "www.chesslib.no"]
[SourceDate "2004.05.04"]

1. f4 d5 2. Nf3 Nf6 3. e3 c5 4. b3 Nc6 5. Bb2 e6 6. Bb5 Bd7 7. O-O Be7 8. d3 a6 9. Bxc6 Bxc6 10. Ne5 Rc8 11. Nd2 O-O 12. Qe2 Nd7 13. Ndf3 Nxe5 14. Nxe5 Bf6 15. Rf2 d4 16. Nxc6 Rxc6 17. e4 e5 18. f5 Bg5 19. Bc1 b5 20. Bxg5 Qxg5 21. Raf1 Rfc8 1/2-1/2

[Event "Germany"]
[Site "?"]
[Date "2002.12.14"]
[Round "4.4"]
[White "Pfeiffer Oliver"]
[Black "Schneider Manfred"]
[Result "0-1"]
[WhiteElo "1887"]
[BlackElo "1934"]
[PlyCount "118"]
[EventDate "2002.??.??"]
[Source "www.chesslib.no"]
[SourceDate "2004.05.04"]

1. f4 d5 2. Nf3 Nf6 3. e3 c5 4. b3 g6 5. Bb2 Bg7 6. Be2 O-O 7. O-O Nc6 8. Ne5 Be6 9. Qe1 d4 10. Nxc6 bxc6 11. Bf3 Nd5 12. Bxd5 cxd5 13. exd4 Qb6 14. Qf2 c4 15. c3 a5 16. Ba3 cxb3 17. axb3 Rfe8 18. Bc5 Qxb3 19. Na3 Qb7 20. Qe2 Reb8 21. Nc2 Qd7 22. Ne3 Bf8 23. g4 f6 24. h3 Bf7 25. f5 Bg7 26. Rfb1 a4 27. Qd1 Rxb1 28. Qxb1 e6 29. Qf1 exf5 30. gxf5 Bh6 31. Ng4 Bg7 32. fxg6 Bxg6 33. Qf4 Re8 34. Rf1 f5 35. Ne5 Qe6 36. Re1 Bh5 37. Nf3 Qg6+ 38. Kf2 Re4 39. Rxe4 fxe4 40. Qb8+ Qe8 41. Qxe8+ Bxe8 42. Ne1 Bh6 43. d3 e3+ 44. Ke2 Bh5+ 45. Nf3 Bf8 46. Kxe3 Bxf3 47. Kxf3 Bxc5 48. dxc5 Kf7 49. Ke3 a3 50. Kd4 a2 51. Kxd5 a1=Q 52. c4 Ke7 53. d4 Qh1+ 54. Ke5 Qh2+ 55. Kd5 Qg2+ 56. Ke5 Qg3+ 57. Kd5 Qf3+ 58. Ke5 Qf6+ 59. Kd5 Qe6# 0-1

[Event "Vienna op-B 14th"]
[Site "?"]
[Date "2003.08.16"]
[Round "1"]
[White "Budin Andreas"]
[Black "Schweinberger Martin"]
[Result "0-1"]
[WhiteElo "1814"]
[BlackElo "1965"]
[PlyCount "50"]
[EventDate "2003.??.??"]
[Source "www.chesslib.no"]
[SourceDate "2004.05.04"]

1. f4 d5 2. Nf3 Nf6 3. e3 c5 4. Be2 Nc6 5. d3 e6 6. O-O Be7 7. Qe1 O-O 8. a4 Bd7 9. c3 a6 10. Nbd2 b5 11. axb5 axb5 12. Rxa8 Qxa8 13. Ne5 c4 14. dxc4 bxc4 15. Ndf3 Na5 16. Qh4 Bc5 17. Nxd7 Nxd7 18. Nd4 Bxd4 19. exd4 Nb3 20. Qe1 Qa1 21. Bf3 Rb8 22. f5 Qxc1 23. fxe6 Qxe1 24. exf7+ Kf8 25. Rxe1 Nf6 0-1

[Event "Baden Ch HT2"]
[Site "Hockenheim GER"]
[Date "1994.??.??"]
[Round "10"]
[White "Golf, Ekkehard"]
[Black "Baeuschlein, Andreas"]
[Result "1-0"]
[WhiteElo "1855"]
[BlackElo "1900"]
[PlyCount "100"]
[EventDate "1994.??.??"]
[Source "www.chesslib.no"]
[SourceDate "2004.05.04"]

1. f4 d5 2. Nf3 Nf6 3. e3 c5 4. c3 a6 5. d4 e6 6. Bd3 Nc6 7. O-O Be7 8. Bd2 O-O 9. Be1 c4 10. Bc2 b5 11. Nbd2 Bb7 12. Bh4 Rb8 13. a3 a5 14. Ne5 b4 15. axb4 axb4 16. Bxf6 Bxf6 17. Qh5 g6 18. Qh3 b3 19. Bd1 Qc7 20. g4 Nxe5 21. fxe5 Bg7 22. g5 Ra8 23. Rb1 Ra2 24. Bg4 Qe7 25. Nf3 Rfa8 26. Qg3 Bc6 27. h4 R8a7 28. Qf4 Qd8 29. Bh3 Qa8 30. Nh2 Be8 31. Ng4 Ra1 32. Nh6+ Bxh6 33. gxh6 Rxb1 34. Rxb1 Ra1 35. Rf1 Rxf1+ 36. Qxf1 Qd8 37. Qf6 Qxf6 38. exf6 Bc6 39. Kf2 Kf8 40. Kg3 Ke8 41. Kf4 Kd7 42. Ke5 Bb5 43. Bg4 Ke8 44. Kd6 Bd7 45. Kc7 Bb5 46. Bf3 Ba6 47. Kc6 Kd8 48. e4 Bb7+ 49. Kxb7 e5 50. exd5 exd4 1-0

[Event "Essen"]
[Site "?"]
[Date "2005.08.22"]
[Round "3.7"]
[White "Partenheimer Heinz"]
[Black "Podolnyy Jakiv"]
[Result "1-0"]
[WhiteElo "1737"]
[BlackElo "2004"]
[PlyCount "71"]
[EventDate "2005.??.??"]
[Source "www.chesslib.no"]
[SourceDate "2004.05.04"]

1. f4 d5 2. Nf3 Nf6 3. e3 c5 4. Be2 Nc6 5. d3 h6 6. O-O Bf5 7. Qe1 e6 8. b3 Be7 9. Bb2 O-O 10. Ne5 Nxe5 11. Bxe5 Nd7 12. Bb2 Bf6 13. Qc1 b5 14. Nd2 a5 15. a4 b4 16. e4 dxe4 17. dxe4 Bxb2 18. Qxb2 Bg6 19. Rad1 Qf6 20. e5 Qe7 21. Nc4 f6 22. Rd6 fxe5 23. Rfd1 Ra7 24. fxe5 Qf7 25. Bf3 Bh5 26. R1d3 Bxf3 27. Rxf3 Qg6 28. Rxf8+ Nxf8 29. Qc1 Qe4 30. Rd8 Rf7 31. Rd3 Qf5 32. Rf3 Qh5 33. Qf1 Nd7 34. Rxf7 Qxf7 35. Qxf7+ Kxf7 36. Nxa5 1-0

[Event "Berlin GER"]
[Site "?"]
[Date "2005.02.02"]
[Round "6.7"]
[White "Keusch Horst"]
[Black "Krueger Sigurd"]
[Result "1-0"]
[WhiteElo "1960"]
[BlackElo "1748"]
[PlyCount "77"]
[EventDate "2005.??.??"]
[Source "www.chesslib.no"]
[SourceDate "2004.05.04"]

1. f4 d5 2. Nf3 Nf6 3. e3 c5 4. b3 g6 5. Bb2 Bg7 6. Be2 O-O 7. O-O b6 8. Ne5 Ba6 9. d3 Qc7 10. Qe1 Nfd7 11. d4 Bxe2 12. Qxe2 Nxe5 13. fxe5 e6 14. Na3 a6 15. c4 Qc6 16. Rac1 Nd7 17. cxd5 exd5 18. Nc2 Qe6 19. e4 cxd4 20. Nxd4 Qxe5 21. Qd2 dxe4 22. Rc2 Qd5 23. Qe3 Nc5 24. Nf5 gxf5 25. Bxg7 f4 26. Qc3 Rfe8 27. Rxf4 Re6 28. Bf6 Qd1+ 29. Rf1 Qg4 30. Qe3 Qg6 31. Rcf2 Kf8 32. Bd4 Rc8 33. Rf5 Rec6 34. Rg5 Qe6 35. Bg7+ Kg8 36. Qg3 h6 37. Bxh6+ Kh7 38. Rg7+ Kxh6 39. Qg5# 1-0

[Event "Bayernliga 2003/04_R8"]
[Site "?"]
[Date "2004.03.28"]
[Round "8.6"]
[White "Fiedler Wolfgang[61Forchh"]
[Black "Feller Simon"]
[Result "1-0"]
[WhiteElo "1939"]
[BlackElo "1766"]
[PlyCount "95"]
[EventDate "2004.??.??"]
[Source "www.chesslib.no"]
[SourceDate "2004.05.04"]

1. f4 d5 2. Nf3 Nf6 3. e3 c5 4. d4 e6 5. c3 a6 6. Bd3 Nc6 7. O-O Bd6 8. Ne5 c4 9. Bc2 Bd7 10. Nd2 b5 11. e4 Qb6 12. Nxc6 Bxc6 13. e5 Be7 14. exf6 Bxf6 15. Nf3 Bb7 16. Be3 O-O-O 17. Qd2 Qc7 18. b4 Rdf8 19. a4 h6 20. axb5 axb5 21. Ra5 Qd7 22. Ne5 Bxe5 23. dxe5 g5 24. f5 h5 25. Bc5 Rfg8 26. Qd4 h4 27. f6 h3 28. g3 Qc6 29. Bd1 Rh6 30. Bd6 Rhh8 31. Qc5 Kd7 32. Qxb5 Ra8 33. Qxc6+ Bxc6 34. Bg4 Rxa5 35. bxa5 Ra8 36. Ra1 Ra7 37. Bxh3 Rb7 38. Bc5 Rb2 39. Bf1 d4 40. Bxd4 g4 41. a6 Ba8 42. a7 Ke8 43. h4 gxh3 44. Bxh3 Kd7 45. Rf1 Rd2 46. Rf2 Rd1+ 47. Bf1 Rd3 48. Bxd3 1-0

[Event "Wattens Open"]
[Site "Wattens"]
[Date "1995.??.??"]
[Round "?"]
[White "Volf, Rudolf"]
[Black "Moritz, Christian"]
[Result "0-1"]
[WhiteElo "1660"]
[BlackElo "1985"]
[PlyCount "104"]
[EventDate "1995.??.??"]
[Source "www.chesslib.no"]
[SourceDate "2004.05.04"]

1. f4 d5 2. Nf3 Nf6 3. e3 c5 4. Bb5+ Nbd7 5. Ne5 b6 6. Bxd7+ Nxd7 7. Nxd7 Qxd7 8. b3 d4 9. e4 d3 10. c4 Qd4 11. Nc3 b5 12. Rb1 b4 13. Nd5 Qxe4+ 14. Kf1 Bb7 15. Qf3 Bxd5 16. cxd5 Qxf3+ 17. gxf3 O-O-O 18. a3 Rxd5 19. axb4 cxb4 20. Kf2 e6 21. Bb2 Bc5+ 22. Kg3 h5 23. Rbe1 Rhd8 24. Re5 g6 25. Rc1 Rxe5 26. fxe5 Rd5 27. Bd4 Rxd4 28. Rxc5+ Kb7 29. f4 Re4 30. Rc1 Re2 31. Rd1 a5 32. h4 Kb6 33. Kf3 Kb5 34. Rc1 a4 35. bxa4+ Kxa4 36. Rc7 Kb3 37. Rxf7 Kc2 38. Re7 b3 39. Rxe6 b2 40. Rc6+ Kxd2 41. Rb6 Kc1 42. Rc6+ Rc2 43. Rxg6 d2 44. Rg1+ d1=Q+ 45. Rxd1+ Kxd1 46. f5 b1=Q 47. Kf4 Qb4+ 48. Kg5 Qg4+ 49. Kf6 Rf2 50. e6 Qxf5+ 51. Kg7 Rg2+ 52. Kh8 Qf6+ 0-1

[Event "Tch (Men) 2005/2006 GER"]
[Site "?"]
[Date "2006.01.15"]
[Round "5.5"]
[White "Baumgartner Jakob"]
[Black "Klinger Joseph"]
[Result "0-1"]
[WhiteElo "1834"]
[BlackElo "1782"]
[PlyCount "68"]
[EventDate "2006.??.??"]
[Source "www.chesslib.no"]
[SourceDate "2004.05.04"]

1. f4 d5 2. Nf3 Nf6 3. e3 c5 4. Be2 Nc6 5. b3 e6 6. Bb2 Be7 7. O-O O-O 8. Kh1 Ne4 9. d3 Nd6 10. c4 Bf6 11. Bxf6 Qxf6 12. Nbd2 Nf5 13. e4 Ne3 14. Qc1 Nxf1 15. Nxf1 dxe4 16. dxe4 e5 17. fxe5 Nxe5 18. Ne3 Nxf3 19. Bxf3 Be6 20. Qe1 Rad8 21. Rd1 Rxd1 22. Qxd1 Rd8 23. Nd5 Bxd5 24. cxd5 b6 25. Kg1 Qe5 26. Qc2 Qa1+ 27. Kf2 Qd4+ 28. Ke2 Re8 29. Kf1 b5 30. h3 c4 31. Qe2 f5 32. bxc4 bxc4 33. Qc2 fxe4 34. Be2 c3 0-1

[Event "04sen.Lipperland op"]
[Site "?"]
[Date "2005.05.26"]
[Round "1.8"]
[White "Polifka Wilfried"]
[Black "Bucher Rolf[SUI"]
[Result "1/2-1/2"]
[WhiteElo "1739"]
[BlackElo "1867"]
[PlyCount "89"]
[EventDate "2005.??.??"]
[Source "www.chesslib.no"]
[SourceDate "2004.05.04"]

1. f4 d5 2. Nf3 Nf6 3. e3 c5 4. c3 Nc6 5. Bb5 Bd7 6. O-O e6 7. Ba4 Bd6 8. Bc2 Qc7 9. b3 h6 10. Bb2 a6 11. c4 Nb4 12. a3 Nxc2 13. Qxc2 Bc6 14. Ne5 Be7 15. Nc3 O-O 16. Ne2 Rad8 17. d3 b6 18. Nf3 Ng4 19. Qd2 Bf6 20. d4 h5 21. h3 Nh6 22. Ng3 g6 23. Ne5 Bb7 24. Rac1 h4 25. Ne2 dxc4 26. bxc4 Qe7 27. Qc3 Nf5 28. Rcd1 Bg7 29. Rd2 Nd6 30. Qb3 Ne4 31. Rdd1 Qc7 32. d5 exd5 33. cxd5 b5 34. Qc2 Nf6 35. e4 Rfe8 36. Nd4 Nxe4 37. Ndc6 Bxc6 38. dxc6 Ng3 39. Rxd8 Rxd8 40. Rd1 c4 41. Rxd8+ Qxd8 42. Nd7 c3 43. Bc1 Bd4+ 44. Kh2 Nf1+ 45. Kh1 1/2-1/2

[Event "Open B"]
[Site "?"]
[Date "2005.??.??"]
[Round "9"]
[White "Flieger Zbigniew"]
[Black "Jastrzebski Wlodzimierz"]
[Result "0-1"]
[WhiteElo "1800"]
[BlackElo "1800"]
[PlyCount "66"]
[EventDate "2005.??.??"]
[Source "www.chesslib.no"]
[SourceDate "2004.05.04"]

1. f4 d5 2. Nf3 Nf6 3. e3 c5 4. Be2 Nc6 5. b3 g6 6. Bb2 Bg7 7. O-O O-O 8. a4 b6 9. Na3 Bb7 10. Qe1 e6 11. Ne5 Nxe5 12. Bxe5 Nd7 13. Bxg7 Kxg7 14. Bf3 Rc8 15. Nb5 Ra8 16. Nd6 Ba6 17. d3 Nf6 18. Nb5 Bxb5 19. axb5 Qd7 20. c4 Rac8 21. Rf2 dxc4 22. Bc6 Qxd3 23. bxc4 Ng4 24. Rf3 Rcd8 25. h3 Nf6 26. Rxa7 Qxc4 27. Qa1 Qc2 28. Rf1 Rd2 29. Bf3 Qb2 30. Qa6 Rb8 31. Rc7 Rf8 32. Qxb6 Nd5 33. Bxd5 exd5 0-1

[Event "Ellwangen (21.03.-29.03)"]
[Site "?"]
[Date "1997.??.??"]
[Round "?"]
[White "Gruenig Siegfried"]
[Black "Metschan Helmuth"]
[Result "1/2-1/2"]
[WhiteElo "1740"]
[BlackElo "1845"]
[PlyCount "76"]
[EventDate "1997.??.??"]
[Source "www.chesslib.no"]
[SourceDate "2004.05.04"]

1. f4 d5 2. Nf3 Nf6 3. e3 c5 4. b3 g6 5. Bb2 Bg7 6. Bb5+ Bd7 7. a4 a6 8. Bxd7+ Nbxd7 9. O-O O-O 10. Qe1 e6 11. d3 b5 12. Nbd2 Nh5 13. Bxg7 Kxg7 14. Qf2 Qc7 15. g3 Nhf6 16. Qe2 Rfe8 17. c4 bxc4 18. bxc4 Rab8 19. e4 d4 20. Nh4 Rb2 21. Rab1 Reb8 22. Rxb2 Rxb2 23. Rb1 Qb7 24. Qe1 Ng4 25. Qc1 Rb4 26. Ng2 e5 27. h3 Ne3 28. Kf2 Rxb1 29. Qxb1 Qxb1 30. Nxb1 Nxg2 31. Kxg2 f5 32. Kf3 Kf6 33. a5 h5 34. Nd2 Ke6 35. Nb3 fxe4+ 36. Kxe4 Nf6+ 37. Kf3 Nd7 38. Ke4 Nf6+ 1/2-1/2

[Event "Muensterland B"]
[Site "?"]
[Date "2003.11.15"]
[Round "3.5"]
[White "Schulte Norbert"]
[Black "Denkler Juergen"]
[Result "0-1"]
[WhiteElo "1807"]
[BlackElo "1760"]
[PlyCount "64"]
[EventDate "2003.??.??"]
[Source "www.chesslib.no"]
[SourceDate "2004.05.04"]

1. f4 d5 2. Nf3 Nf6 3. e3 c5 4. b3 g6 5. Bb2 Bg7 6. c4 e6 7. Be2 O-O 8. O-O b6 9. cxd5 Nxd5 10. Bxg7 Kxg7 11. Nc3 Bb7 12. Ne5 Nd7 13. Nc4 Qe7 14. Bf3 N7f6 15. g4 Rad8 16. Qe1 Nxc3 17. dxc3 Bxf3 18. Rxf3 Nxg4 19. Qg3 h5 20. h3 Nh6 21. e4 f6 22. Raf1 b5 23. Ne3 Kh7 24. Qh4 Qe8 25. Kh1 Rd3 26. c4 Qc6 27. f5 exf5 28. Nxf5 Rxf3 29. Rxf3 gxf5 30. Qxh5 Qxe4 31. Kh2 Rg8 32. Rxf5 Qg2# 0-1

[Event "Mingara"]
[Site "?"]
[Date "2000.01.09"]
[Round "11"]
[White "Ali Mosaddeque"]
[Black "Lojanica Milenko"]
[Result "0-1"]
[WhiteElo "1707"]
[BlackElo "1832"]
[PlyCount "64"]
[EventDate "2000.??.??"]
[Source "www.chesslib.no"]
[SourceDate "2004.05.04"]

1. f4 d5 2. Nf3 Nf6 3. e3 c5 4. b3 Nc6 5. Bb5 Bd7 6. Bb2 a6 7. Bxc6 Bxc6 8. Ne5 Qc7 9. O-O g6 10. d3 Bg7 11. Nxc6 Qxc6 12. Nd2 O-O 13. Rf3 Rae8 14. Rh3 h5 15. Qe2 Ng4 16. Bxg7 Kxg7 17. e4 dxe4 18. dxe4 Rd8 19. Rf1 b5 20. c3 Qd6 21. Nb1 e6 22. Rg3 Rh8 23. h3 Nh6 24. Qe3 Rd7 25. f5 exf5 26. exf5 Kh7 27. Qg5 Rg8 28. Na3 gxf5 29. Rxf5 Qxg3 30. Qxg3 Rxg3 31. Rxc5 Rd2 32. Rxh5 Rgxg2+ 0-1

[Event "France (championnat N2)"]
[Site "?"]
[Date "2004.03.13"]
[Round "8.8"]
[White "Pantioukhine Slava"]
[Black "Clavel Anne"]
[Result "1-0"]
[WhiteElo "2040"]
[BlackElo "1480"]
[PlyCount "57"]
[EventDate "2004.??.??"]
[Source "www.chesslib.no"]
[SourceDate "2004.05.04"]

1. f4 d5 2. Nf3 Nf6 3. e3 c5 4. Bb5+ Bd7 5. Qe2 a6 6. Bxd7+ Nbxd7 7. O-O e6 8. c3 b5 9. a4 Qb8 10. axb5 a5 11. Na3 Be7 12. d4 c4 13. Ne5 Bxa3 14. Nxd7 Nxd7 15. Rxa3 Qxb5 16. b3 Nb6 17. f5 O-O 18. f6 g6 19. e4 Rfe8 20. Qe3 Kh8 21. Qh6 Rg8 22. Rf3 dxe4 23. Rh3 Qh5 24. Rxh5 gxh5 25. Qxh5 cxb3 26. Rxb3 Nd5 27. Qxf7 Rg6 28. Rb7 Nxf6 29. Bg5 1-0